LDR 00842naa#a2200157#i#450# 001 RU\\bibl\73670 005 20260502070513.6 011 ## _a2312-7937 100 ## _a20231229b2023####ek#y0rusy0150####ca 102 ## _aRU 200 1# _aПРОБЛЕМЫ УСМОТРЕНИЯ И ЗАКОННОСТИ ПРИ ПРИМЕНЕНИИ МЕР АДМИНИСТРАТИВНО-ПРОЦЕССУАЛЬНОГО ПРИНУЖДЕНИЯ _eЖурнальная статья 210 1# _aДомодедово _cВсероссийский институт повышения квалификации сотрудников Министерства внутренних дел Российской Федерации _d2023 215 ## _a7 с. 608 ## _aЖурнальная статья _2local 700 #1 _aТрегубов _gИгорь Сергеевич 856 4# _avipkmvd.editorum.ru _u